00968nam a2200217Ia 4500003000900000008004100009020001800050040001600068080002300084111012700107245029700234260003700531300001600568650004100584650001800625650002200643650001700665650002200682700002700704700001900731IN-BaIIA211028s9999 xx 000 0 eng d a2-86332-077-7 cIIA Library a524.37(082.2)bFRO aInternational Colloquium in the Occasion of the 7th Centenary of the Universities of MontpelliercFranced1989 Sept. 4 - 7 0aFrom Miras to planetary nebulae- which path for stellar evolution?bproceedings of the International colloquium in the occasion of the 7th centenary of the Universities of Montpellier, France, Sept. 4 - 7, 1989cedited by M. O. Mennessier and A. Omont  aFrancebEditions Frontiersc1990 aIxix, 565p. aAstronomy and astrophysics thesaurus aOrion nebulae aPlanetary nebulae aRing nebulae aStellar evolution aMennessier, M. O., ed. aOmont, A., ed.